Odd One Out - Holiday Quiz Stats

 Plays Quiz Updated Sep 23, 2019

Score 0/9 Timer 05:00
6 Plays Today
Question Answer Wrong Answers
Which of these is not one of Santa's reindeer? Helmet is not a reindeer
94.1%
Comet
1.2%
Cupid
2.9%
Dancer
1.7%
Which of these is not a gift in the 12 Days of Christmas (singular form)? No Benders bending
82.6%
Alan PARTRIDGE
5.9%
Billy PIPER
5.5%
Black SWAN
3%
Which of these is not an ingredient for a traditional Thanksgiving dinner? No pipes for Thanksgiving dinner
79.4%
Cranberries (in cranberry sauce)
4.4%
Pumpkin (in pumpkin pie)
5.5%
Turkey
5%
Which of these can not precede a day of the week to make a part of Lent or Easter? No Honey Tuesday
77.7%
Ash (Wednesday)
9.3%
Good (Friday)
6%
Palm (Sunday)
4.8%
Which of these is not a word in a US federal holiday in January? It's not Martin Luther King Chair Day
69.5%
King
10.4%
Luther
5.7%
Martin
9.6%
Which of these is not a character in 'A Christmas Carol'? No Rook in A Christmas Carol
68.1%
Bob MARLEY
11.1%
(Tiny) TIM Roth
11.6%
SCROOGE McDuck
4.1%
Which of these is not a sign in the Western zodiac? No compass in the zodiac
67.3%
LEO DiCaprio
14.1%
Hank SCORPIO
9.7%
TAURUS Bulba
2.9%
Which of these is not a traditional wedding anniversary gift? River is not a wedding anniversary gift
58.2%
China
21.1%
Billy CRYSTAL
5.9%
Elijah WOOD
11.1%
Which of these is not a sign in the Chinese zodiac? No (Michael J.) FOX in the Chinese zodiac
54.7%
ROOSTER Cogburn
28.6%
SNAKE Plissken
10.7%
TIGER Woods
5.2%

You're not logged in!

Compare scores with friends on all Sporcle quizzes.
OR
Log In

Sporcle TV

Today on Sporcle TV


Watch our educational content, quiz creation guides, and fun videos on Sporcle TV.

Show Comments

Extras

Top Quizzes Today


Score Distribution

Your Account Isn't Verified!

In order to create a playlist on Sporcle, you need to verify the email address you used during registration. Go to your Sporcle Settings to finish the process.

Report this User

Report this user for behavior that violates our Community Guidelines.

Details: